[Event "84th YMCA Autumn A"]
[Site "Warszawa"]
[Date "2010.09.23"]
[Round "1"]
[White "Michniewski, Tomasz"]
[Black "Kasperkiewicz, Pawel"]
[Result "1-0"]
[WhiteElo "2165"]
[BlackElo "2102"]
[PlyCount "83"]
[EventDate "2010.09.24"]
[EventType "tourn"]
[EventRounds "1"]
[EventCountry "POL"]
[SourceDate "2010.10.05"]

1. d4 Nf6 2. c4 g6 3. Nc3 d6 4. e4 Bg7 5. f4 O-O 6. Nf3 c5 7. d5 e6 8. Be2 exd5
9. cxd5 Re8 10. e5 dxe5 11. fxe5 Ng4 12. Bg5 Qb6 13. O-O Nxe5 14. d6 Be6 15.
Nd5 Bxd5 16. Qxd5 Nbd7 17. Nxe5 Nxe5 18. Rae1 Re6 19. Be7 Qxb2 20. Rxf7 Qd4+
21. Qxd4 cxd4 22. Rff1 Rxe7 23. dxe7 Re8 24. Bf3 Rxe7 25. Bd5+ Kh8 26. Rc1 h5
27. Rc8+ Kh7 28. Rb8 b6 29. Rb7 Rxb7 30. Bxb7 Bh6 31. Rf6 d3 32. Kf1 Ng4 33.
Rf7+ Kg8 34. Rd7 d2 35. Ke2 Nxh2 36. Be4 Ng4 37. Rxa7 Nf2 38. Bc2 d1=Q+ 39.
Bxd1 Nxd1 40. Kxd1 Be3 41. Ke2 Bc5 42. Kd3 1-0

[Event "84th YMCA Autumn A"]
[Site "Warszawa"]
[Date "2010.09.24"]
[Round "1"]
[White "Janczarski, Michal"]
[Black "Lewandowski, Rafal"]
[Result "1-0"]
[WhiteElo "2303"]
[BlackElo "2202"]
[PlyCount "111"]
[EventDate "2010.09.24"]
[EventType "tourn"]
[EventRounds "1"]
[EventCountry "POL"]
[SourceDate "2010.10.05"]

1. c4 b6 2. Nc3 Bb7 3. e4 e6 4. g3 f5 5. Bg2 Nf6 6. d3 Bb4 7. Nge2 fxe4 8. O-O
O-O 9. dxe4 Ng4 10. Bf4 Bc5 11. Nd4 e5 12. Qxg4 Bxd4 13. Bg5 Qe8 14. Nb5 Na6
15. Rad1 h5 16. Qe2 Qg6 17. h4 c5 18. Rde1 Qe6 19. Nc3 Qg4 20. Nd5 Bxd5 21.
Qxg4 hxg4 22. exd5 d6 23. a3 Rf7 24. Re4 Raf8 25. Be3 Bxb2 26. Rxg4 Nc7 27. Be4
Ne8 28. Bg6 Rd7 29. Rg5 Nc7 30. Rh5 b5 31. Bh7+ Kf7 32. Rf5+ Ke8 33. Bg6+ Rdf7
34. Rb1 Bxa3 35. cxb5 Bb4 36. Ra1 Nxb5 37. Ra6 Ke7 38. Bg5+ Rf6 39. Rf3 c4 40.
Ra4 a5 41. h5 Nd4 42. Bxf6+ Rxf6 43. Rxf6 Kxf6 44. Ra2 Nb3 45. f4 Nd2 46. Kf2
c3 47. Ke2 Nb3 48. Kf3 Nc5 49. Re2 a4 50. g4 a3 51. g5+ Ke7 52. h6 gxh6 53.
gxh6 Kf8 54. h7 Kg7 55. Bf5 e4+ 56. Ke3 1-0

[Event "84th YMCA Autumn A"]
[Site "Warszawa"]
[Date "2010.09.24"]
[Round "1"]
[White "Choroszej, Aleksander"]
[Black "Adamski, Andrzej"]
[Result "1/2-1/2"]
[WhiteElo "2122"]
[BlackElo "2254"]
[Annotator "Admin"]
[PlyCount "55"]
[EventDate "2010.09.24"]
[EventType "tourn"]
[EventRounds "1"]
[EventCountry "POL"]
[SourceDate "2010.10.05"]

1. d4 d6 2. e4 g6 3. c4 Bg7 4. Nc3 Nf6 5. f4 O-O 6. Nf3 c5 7. d5 e6 8. Be2 exd5
9. cxd5 Re8 10. e5 dxe5 11. fxe5 Ng4 12. e6 fxe6 13. d6 Nc6 14. Ng5 Nf6 15. O-O
Nd4 16. Nge4 Nxe4 17. Nxe4 Bd7 18. Bg5 Qb6 19. Bc4 Qc6 20. Qg4 b5 21. Be7 Rxe7
22. dxe7 Nf5 23. Rxf5 gxf5 24. Qxf5 Kh8 25. Qg4 e5 26. Ng5 Bxg4 27. Nf7+ Kg8
28. Nh6+ $11 1/2-1/2

[Event "84th YMCA Autumn A"]
[Site "Warszawa"]
[Date "2010.09.24"]
[Round "1"]
[White "Zurkowski, Andrzej"]
[Black "Sanz Losada, Victoriano"]
[Result "1/2-1/2"]
[WhiteElo "2120"]
[BlackElo "2138"]
[PlyCount "135"]
[EventDate "2010.09.24"]
[EventType "tourn"]
[EventRounds "1"]
[EventCountry "POL"]
[SourceDate "2010.10.05"]

1. d4 Nf6 2. g4 h6 3. c4 c5 4. d5 d6 5. h3 b5 6. cxb5 a6 7. b6 Qxb6 8. Nc3 e6
9. Bg2 exd5 10. Nxd5 Nxd5 11. Bxd5 Ra7 12. Nf3 Nc6 13. O-O h5 14. Qa4 Rc7 15.
Ng5 hxg4 16. hxg4 Rh4 17. f3 Bb7 18. Bf4 Qb5 19. Qe4+ Ne5 20. Bxe5 Bxd5 21.
Qxd5 dxe5 22. Rad1 Rd7 23. Qxd7+ Qxd7 24. Rxd7 Kxd7 25. Nxf7 e4 26. Ne5+ Ke8
27. Ng6 Rh6 28. Nxf8 Kxf8 29. fxe4+ Ke7 30. Rf5 Re6 31. Rxc5 Rxe4 32. Kf2 Rxg4
33. Ra5 Rg6 34. e4 Re6 35. Ke3 Kf6 36. Kf4 Rb6 37. b3 Ke6 38. a3 Kf6 39. b4 Ke6
40. a4 Kf6 41. b5 g5+ 42. Ke3 axb5 43. Rxb5 Ra6 44. a5 Ke7 45. Rxg5 Kf7 46. Kd4
Ke7 47. Rd5 Ke6 48. Kc4 Ra8 49. Kb4 Rb8+ 50. Rb5 Ra8 51. Rb6+ Kd7 52. e5 Kc7
53. e6 Rh8 54. Kb5 Rh5+ 55. Ka6 Re5 56. e7 Kc8 57. Rb7 Re6+ 58. Rb6 Rxe7 59.
Rh6 Re1 60. Rh8+ Kc7 61. Ka7 Rc1 62. a6 Rc2 63. Rb8 Rc1 64. Rb2 Rc3 65. Rb7+
Kc8 66. Ka8 Rc6 67. a7 Rc1 68. Rb3 1/2-1/2

[Event "84th YMCA Autumn A"]
[Site "Warszawa"]
[Date "2010.09.24"]
[Round "1"]
[White "Luksik, Mateusz"]
[Black "Malec, Sebastian"]
[Result "1-0"]
[WhiteElo "2111"]
[BlackElo "2155"]
[PlyCount "93"]
[EventDate "2010.09.24"]
[EventType "tourn"]
[EventRounds "1"]
[EventCountry "POL"]
[SourceDate "2010.10.05"]

1. e4 e6 2. d4 d5 3. e5 c5 4. c3 Qb6 5. Nf3 Nc6 6. Be2 Nh6 7. dxc5 Bxc5 8. O-O
Ng4 9. Qe1 Ngxe5 10. Nxe5 Nxe5 11. b4 Bd6 12. Be3 Qc7 13. Na3 a6 14. Rc1 b5 15.
Bd4 O-O 16. h3 Ng6 17. Bd3 f5 18. f3 e5 19. Bf2 Bb7 20. Bxb5 e4 21. Be2 Rae8
22. fxe4 dxe4 23. Nc4 Bf4 24. Bb6 Qb8 25. Rd1 Kh8 26. Bc5 Rf6 27. Bd4 e3 28.
Bxf6 gxf6 29. Rd7 Bg3 30. Rxb7 Bf2+ 31. Rxf2 exf2+ 32. Qxf2 Qxb7 33. Nd6 Qe7
34. Nxe8 Qxe8 35. Bxa6 f4 36. Bf1 Qe5 37. Qd4 Qe1 38. Qxf6+ Kg8 39. Qd8+ Kf7
40. Qd4 Ke6 41. Qc4+ Kf5 42. Qe2 Qc1 43. Kh2 Ne5 44. c4 f3 45. gxf3 Qf4+ 46.
Kg2 h5 47. Qe4+ 1-0

[Event "84th YMCA Autumn A"]
[Site "Warszawa"]
[Date "2010.10.06"]
[Round "1"]
[White "Kedzierski, Slawomir"]
[Black "Liberadzki, Slawomir"]
[Result "1/2-1/2"]
[WhiteElo "2102"]
[BlackElo "2083"]
[Annotator "Admin"]
[PlyCount "92"]
[EventDate "2010.09.24"]
[EventType "tourn"]
[EventRounds "1"]
[EventCountry "POL"]
[SourceDate "2010.10.05"]

1. Nf3 c5 2. c4 Nc6 3. Nc3 e6 4. g3 g6 5. Bg2 Bg7 6. O-O Nge7 7. e3 O-O 8. d4
cxd4 9. Nxd4 d5 10. cxd5 Nxd4 11. exd4 Nxd5 12. Nxd5 exd5 13. Be3 Be6 14. Qb3
Qd7 15. Rfc1 Rac8 16. Bf1 Rxc1 17. Rxc1 Rc8 18. Rc3 a6 19. Qb6 Rxc3 20. bxc3
Bf6 21. h4 Bd8 22. Qb3 h5 23. Bc1 b5 24. Ba3 Be7 25. Bxe7 Qxe7 26. a4 bxa4 27.
Qxa4 Qc7 28. Qxa6 Qxc3 29. Qd3 Qe1 30. Qe3 Qa1 31. Kg2 Bh3+ 32. Kxh3 Qxf1+ 33.
Kh2 Qc4 34. Kg2 Qc6 35. Qe5 Qd7 36. Kf3 Qg4+ 37. Ke3 Qd7 38. f3 Qc6 39. Kf2
Qc2+ 40. Kg1 Qd1+ 41. Kg2 Qd2+ 42. Kh3 Qd1 43. Kg2 Qd2+ 44. Kh3 Qd1 45. Kg2
Qd2+ 46. Kh3 Qd1 $11 1/2-1/2

[Event "84th YMCA Autumn A"]
[Site "Warszawa"]
[Date "2010.09.30"]
[Round "2"]
[White "Kasperkiewicz, Pawel"]
[Black "Kukawski, Maciej"]
[Result "1-0"]
[WhiteElo "2102"]
[BlackElo "2314"]
[PlyCount "91"]
[EventDate "2010.09.24"]
[EventType "tourn"]
[EventRounds "1"]
[EventCountry "POL"]
[SourceDate "2010.10.05"]

1. e4 c5 2. Nf3 e6 3. d4 cxd4 4. Nxd4 Nf6 5. Nc3 d6 6. f4 a6 7. Qf3 Qb6 8. Nb3
h5 9. Bd3 Nbd7 10. Be3 Qc7 11. O-O b5 12. a4 b4 13. Nd1 Bb7 14. a5 d5 15. Nf2
dxe4 16. Nxe4 Be7 17. Bd4 Rc8 18. Rf2 Qb8 19. Qe2 Nxe4 20. Bxe4 Bxe4 21. Qxe4
O-O 22. Qe2 Nf6 23. Qxa6 Ng4 24. Rf3 Rxc2 25. h3 e5 26. fxe5 Nxe5 27. Rf2 Rxf2
28. Bxf2 Rd8 29. Qe2 Rd3 30. Nc5 Bxc5 31. Bxc5 Rg3 32. a6 Nd3 33. a7 Qa8 34.
Bd6 Rg6 35. Bb8 Nc5 36. Rd1 Ne6 37. Kh1 Rf6 38. Qxh5 Rf2 39. Qd5 Rf1+ 40. Kh2
Qxd5 41. Rxd5 Ra1 42. Rb5 Kf8 43. Rxb4 Ke7 44. Rb7+ Ke8 45. Bd6 Nd8 46. Re7+
1-0

[Event "84th YMCA Autumn A"]
[Site "Warszawa"]
[Date "2010.10.01"]
[Round "2"]
[White "Liberadzki, Slawomir"]
[Black "Moskwinski, Tadeusz"]
[Result "1/2-1/2"]
[WhiteElo "2083"]
[BlackElo "2213"]
[Annotator "Admin"]
[PlyCount "53"]
[EventDate "2010.09.24"]
[EventType "tourn"]
[EventRounds "1"]
[EventCountry "POL"]
[SourceDate "2010.10.05"]

1. e4 c5 2. c3 d5 3. exd5 Qxd5 4. d4 Nf6 5. Nf3 Bg4 6. Be2 e6 7. O-O Nc6 8. h3
Bh5 9. Be3 cxd4 10. cxd4 Be7 11. Nc3 Qd6 12. a3 O-O 13. Qb3 Rfd8 14. Rfd1 Rac8
15. Rac1 Nd5 16. Nxd5 Qxd5 17. Qxd5 Rxd5 18. g4 Bg6 19. Ne5 Be4 20. f3 Bg6 21.
Nxc6 bxc6 22. Ba6 Rc7 23. Bf4 Bd6 24. Bxd6 Rxd6 25. Rc5 Kf8 26. Kf2 Ke7 27. Ke3
$11 1/2-1/2

[Event "84th YMCA Autumn A"]
[Site "Warszawa"]
[Date "2010.10.01"]
[Round "2"]
[White "Malec, Sebastian"]
[Black "Kedzierski, Slawomir"]
[Result "1-0"]
[WhiteElo "2155"]
[BlackElo "2102"]
[PlyCount "77"]
[EventDate "2010.09.24"]
[EventType "tourn"]
[EventRounds "1"]
[EventCountry "POL"]
[SourceDate "2010.10.05"]

1. e4 c5 2. Nf3 d6 3. d4 cxd4 4. Qxd4 Nc6 5. Bb5 Bd7 6. Bxc6 Bxc6 7. Nc3 Nf6 8.
Bg5 e6 9. O-O-O Be7 10. Rhe1 O-O 11. Qd2 Qa5 12. Kb1 Kh8 13. Nd4 Rfd8 14. f3
Rac8 15. g4 a6 16. h4 b5 17. Nb3 Qc7 18. Ne2 e5 19. Ng3 d5 20. Qe2 dxe4 21.
fxe4 Rxd1+ 22. Rxd1 Bd7 23. Nf5 Be6 24. h5 Ng8 25. Nxe7 Nxe7 26. h6 f6 27.
hxg7+ Kxg7 28. Be3 Qc4 29. Qg2 Bf7 30. g5 f5 31. g6 Bxg6 32. Bg5 Kf7 33. Rd7
Re8 34. exf5 Bxf5 35. Qf2 Qe6 36. Nc5 Qg6 37. Ne4 Kf8 38. Rd6 Kg8 39. Rxg6+ 1-0

[Event "84th YMCA Autumn A"]
[Site "Warszawa"]
[Date "2010.10.01"]
[Round "2"]
[White "Sanz Losada, Victoriano"]
[Black "Luksik, Mateusz"]
[Result "1-0"]
[WhiteElo "2138"]
[BlackElo "2111"]
[Annotator "Admin"]
[PlyCount "89"]
[EventDate "2010.09.24"]
[EventType "tourn"]
[EventRounds "1"]
[EventCountry "POL"]
[SourceDate "2010.10.05"]

1. e4 c5 2. Nf3 d6 3. d4 cxd4 4. Nxd4 Nf6 5. Nc3 a6 6. Be3 Ng4 7. Bg5 h6 8. Bh4
g5 9. Bg3 Bg7 10. Qd2 Nc6 11. Nb3 Be6 12. h4 gxh4 13. Rxh4 h5 14. O-O-O Rc8 15.
Kb1 Bf6 16. Nd5 Bxh4 17. Bxh4 Bxd5 18. exd5 Nce5 19. f3 Nf6 20. Re1 Kf8 21. Bg5
h4 22. Bh6+ Ke8 23. Bg7 Kd7 24. f4 h3 25. Bxh8 Qxh8 26. fxe5 h2 27. exf6 exf6
$11 28. Bb5+ axb5 29. Rh1 Qh5 30. g4 Qxg4 31. Qxh2 Re8 32. Qh3 f5 33. Qd3 Kc7
34. Nd4 f4 35. Nxb5+ Kd7 36. Qc3 Rc8 37. Qh3 Qxh3 38. Rxh3 Rg8 39. Kc1 Rg3 40.
Rxg3 fxg3 41. Nd4 Ke7 42. Kd2 Kf6 43. Ke3 Ke5 44. c4 f5 45. Nf3+ 1-0

[Event "84th YMCA Autumn A"]
[Site "Warszawa"]
[Date "2010.09.30"]
[Round "2"]
[White "Adamski, Andrzej"]
[Black "Zurkowski, Andrzej"]
[Result "1-0"]
[WhiteElo "2254"]
[BlackElo "2120"]
[PlyCount "103"]
[EventDate "2010.09.24"]
[EventType "tourn"]
[EventRounds "1"]
[EventCountry "POL"]
[SourceDate "2010.10.05"]

1. e4 d5 2. exd5 Qxd5 3. Nc3 Qd6 4. d4 Nf6 5. Nge2 c6 6. Bf4 Qd8 7. Qd2 e6 8.
O-O-O Bd6 9. Bg3 h6 10. Kb1 Qc7 11. Nc1 O-O 12. Nd3 Nbd7 13. Re1 a6 14. Ne4
Nxe4 15. Rxe4 Re8 16. Ne5 Nxe5 17. dxe5 Bf8 18. Bd3 c5 19. Rg4 Kh8 20. Qf4 f5
21. exf6 Qxf4 22. fxg7+ Bxg7 23. Rxf4 e5 24. Rf7 e4 25. Bc4 b5 26. Bd5 Be6 27.
Bxe6 Rxe6 28. Rd1 Rf8 29. Rxf8+ Bxf8 30. Bf4 Kg7 31. Rd5 c4 32. Kc1 Kf7 33. Kd2
Rc6 34. g4 b4 35. h4 Bc5 36. Ke2 Kg7 37. Rd7+ Kg8 38. Rd5 Kg7 39. h5 Be7 40.
Rd4 Bf6 41. Rd7+ Kg8 42. Bxh6 Bxb2 43. Be3 a5 44. Ra7 b3 45. axb3 cxb3 46. cxb3
Bc3 47. g5 Bb4 48. g6 Bc3 49. Bh6 Rc8 50. Bd2 Bb4 51. Bxb4 axb4 52. h6 1-0

[Event "84th YMCA Autumn A"]
[Site "Warszawa"]
[Date "2010.09.30"]
[Round "2"]
[White "Lewandowski, Rafal"]
[Black "Choroszej, Aleksander"]
[Result "1-0"]
[WhiteElo "2202"]
[BlackElo "2122"]
[PlyCount "79"]
[EventDate "2010.09.24"]
[EventType "tourn"]
[EventRounds "1"]
[EventCountry "POL"]
[SourceDate "2010.10.05"]

1. e4 g6 2. d4 Bg7 3. Nc3 d6 4. Bg5 h6 5. Bh4 a6 6. Qd2 Nd7 7. f4 b5 8. Nf3 Bb7
9. Bd3 c5 10. dxc5 Nxc5 11. a3 Nf6 12. Qe3 Rc8 13. h3 Nfd7 14. O-O Nxd3 15.
cxd3 Qb6 16. d4 O-O 17. Bf2 Nf6 18. f5 d5 19. fxg6 fxg6 20. Ne5 Kh7 21. exd5
Nxd5 22. Nxd5 Bxd5 23. Nd7 Qa7 24. Nxf8+ Rxf8 25. Rad1 h5 26. Bg3 Rxf1+ 27.
Kxf1 e5 28. Bxe5 Qf7+ 29. Kg1 Bh6 30. Qc3 Bc4 31. b3 Bxb3 32. Rf1 Qc4 33. Qf3
Qd5 34. Qf6 Qg8 35. Qxa6 Bd5 36. Qxb5 Be3+ 37. Kh2 h4 38. Qc5 Bh6 39. Qe7+ Bg7
40. Qxh4+ 1-0

[Event "84th YMCA Autumn A"]
[Site "Warszawa"]
[Date "2010.09.30"]
[Round "2"]
[White "Michniewski, Tomasz"]
[Black "Janczarski, Michal"]
[Result "0-1"]
[WhiteElo "2165"]
[BlackElo "2303"]
[PlyCount "77"]
[EventDate "2010.09.24"]
[EventType "tourn"]
[EventRounds "1"]
[EventCountry "POL"]
[SourceDate "2010.10.05"]

1. d4 d5 2. c4 e6 3. Nc3 c6 4. cxd5 exd5 5. Bf4 Nf6 6. e3 Bf5 7. Bd3 Bxd3 8.
Qxd3 Bd6 9. Bxd6 Qxd6 10. Nf3 O-O 11. O-O Nbd7 12. b4 b5 13. a3 a5 14. Na2 Nb6
15. Ne5 Nc4 16. Rfc1 Nxe5 17. dxe5 Qxe5 18. Qd4 Qe6 19. bxa5 Nd7 20. Qd2 Ne5
21. Nb4 Nc4 22. Qe1 Rfc8 23. a4 Rxa5 24. axb5 Rxb5 25. Ra6 d4 26. e4 Ne5 27. f4
Qb3 28. fxe5 Rxb4 29. Raxc6 Re8 30. Rc8 Rb8 31. Rb1 Rexc8 32. Rxb3 Rxb3 33. h3
d3 34. Qe3 Rd8 35. Qg5 Rbb8 36. Qd2 Rb2 37. Qa5 Rdb8 38. Qd5 d2 39. e6 0-1

[Event "84th YMCA Autumn A"]
[Site "Warszawa"]
[Date "2010.10.08"]
[Round "3"]
[White "Janczarski, Michal"]
[Black "Kasperkiewicz, Pawel"]
[Result "1/2-1/2"]
[WhiteElo "2303"]
[BlackElo "2102"]
[Annotator "Admin"]
[PlyCount "27"]
[EventDate "2010.09.24"]
[EventType "tourn"]
[EventRounds "1"]
[EventCountry "POL"]
[SourceDate "2010.10.05"]

1. c4 e5 2. g3 Nc6 3. Bg2 Bc5 4. Nc3 d6 5. e3 Nge7 6. Nge2 a5 7. O-O O-O 8. d4
exd4 9. exd4 Bb6 10. b3 Bg4 11. h3 Bxe2 12. Nxe2 Qd7 13. Bb2 Rfe8 14. Qd2 $11
1/2-1/2

[Event "84th YMCA Autumn A"]
[Site "Warszawa"]
[Date "2010.10.20"]
[Round "3"]
[White "Choroszej, Aleksander"]
[Black "Michniewski, Tomasz"]
[Result "0-1"]
[WhiteElo "2122"]
[BlackElo "2165"]
[PlyCount "110"]
[EventDate "2010.09.24"]
[EventType "tourn"]
[EventRounds "1"]
[EventCountry "POL"]
[SourceDate "2010.10.05"]

1. d4 Nf6 2. c4 c5 3. d5 b5 4. cxb5 a6 5. b6 Qxb6 6. Nc3 Qb4 7. g3 d6 8. Bg2 g6
9. Nf3 Bg7 10. O-O O-O 11. a4 a5 12. h3 Ba6 13. Ra3 Qb7 14. Rb3 Qc8 15. Nb5
Nbd7 16. Nd2 Rb8 17. Nc4 Bxb5 18. Rxb5 Rxb5 19. axb5 Qb7 20. Qa4 Rb8 21. Na3
Ra8 22. Nc4 Nb6 23. Nxb6 Qxb6 24. Bd2 Rb8 25. Qxa5 Qxa5 26. Bxa5 Rxb5 27. Bc3
Nd7 28. Rc1 Nb6 29. Ra1 Bxc3 30. bxc3 c4 31. e4 Rb3 32. Ra6 Kg7 33. f4 Kf6 34.
Kf2 e6 35. dxe6 Kxe6 36. g4 Ke7 37. Bf1 h6 38. h4 f6 39. Be2 g5 40. fxg5 fxg5
41. hxg5 hxg5 42. Ke1 Kf6 43. Kd2 Ke5 44. Ra5+ Kxe4 45. Rxg5 Rb2+ 46. Kd1 Ke3
47. Rg6 Rd2+ 48. Kc1 Rxe2 49. Rxd6 Na4 50. g5 Nxc3 51. g6 Rg2 52. Rc6 Kd4 53.
Rf6 Nd5 54. Rc6 c3 55. g7 Rg1+ 0-1

[Event "84th YMCA Autumn A"]
[Site "Warszawa"]
[Date "2010.10.05"]
[Round "3"]
[White "Zurkowski, Andrzej"]
[Black "Lewandowski, Rafal"]
[Result "1-0"]
[WhiteElo "2120"]
[BlackElo "2202"]
[PlyCount "63"]
[EventDate "2010.09.24"]
[EventType "tourn"]
[EventRounds "1"]
[EventCountry "POL"]
[SourceDate "2010.10.05"]

1. d4 Nf6 2. Nf3 e6 3. Nbd2 d5 4. e3 c5 5. b3 Nc6 6. Bb2 cxd4 7. exd4 Bd6 8. a3
O-O 9. Bd3 Re8 10. Ne5 Qb6 11. Ndf3 h6 12. O-O Nd7 13. b4 Nf8 14. Re1 Bd7 15.
c4 Bxe5 16. dxe5 dxc4 17. Bxc4 a6 18. Qe2 Red8 19. Rad1 Be8 20. Rd6 Qc7 21.
Red1 Rd7 22. Rxd7 Nxd7 23. Qe4 Nf8 24. Qg4 Ne7 25. h4 Bc6 26. Nd4 Ba4 27. Rc1
Qxe5 28. Ba1 h5 29. Qf3 Qc7 30. Qxh5 b5 31. Qg4 bxc4 32. Nb5 1-0

[Event "84th YMCA Autumn A"]
[Site "Warszawa"]
[Date "2010.10.06"]
[Round "3"]
[White "Luksik, Mateusz"]
[Black "Adamski, Andrzej"]
[Result "1/2-1/2"]
[WhiteElo "2111"]
[BlackElo "2254"]
[PlyCount "112"]
[EventDate "2010.09.24"]
[EventType "tourn"]
[EventRounds "1"]
[EventCountry "POL"]
[SourceDate "2010.10.05"]

1. Nf3 Nf6 2. d4 g6 3. Nc3 Bg7 4. Bg5 d5 5. e3 O-O 6. Bd3 c5 7. O-O Nbd7 8. Ne5
a6 9. Be2 Qc7 10. Bf4 Qb6 11. Qd2 e6 12. Na4 Qa7 13. Nxd7 Nxd7 14. Bd6 cxd4 15.
exd4 Re8 16. Rfd1 b5 17. Nc3 Qb6 18. Bf4 Bb7 19. Bh6 Rac8 20. h4 b4 21. Na4 Qd6
22. Bxg7 Kxg7 23. a3 a5 24. axb4 axb4 25. h5 Bc6 26. b3 e5 27. dxe5 Qxe5 28.
Bf3 Nf6 29. Re1 Ne4 30. Bxe4 dxe4 31. Nb6 Rcd8 32. h6+ Kg8 33. Qe3 Qh5 34. Nc4
f5 35. Ra7 Rd1 36. Rc7 f4 37. Rg7+ Kh8 38. Nd6 Rxd6 39. Qxf4 Rd1 40. Rxd1 Qxd1+
41. Kh2 Qh5+ 42. Kg1 Qd1+ 43. Kh2 Rd8 44. Rf7 Qh5+ 45. Kg3 Kg8 46. Qf6 Qxh6 47.
Qxd8+ Kxf7 48. Qd7+ Kg8 49. Qc8+ Kf7 50. Qc7+ Kg8 51. Qxc6 Qg5+ 52. Kh2 Qh6+
53. Kg3 Qg5+ 54. Kh3 Qh5+ 55. Kg3 Qg5+ 56. Kh2 Qh6+ 1/2-1/2

[Event "84th YMCA Autumn A"]
[Site "Warszawa"]
[Date "2010.10.08"]
[Round "3"]
[White "Kedzierski, Slawomir"]
[Black "Sanz Losada, Victoriano"]
[Result "1-0"]
[WhiteElo "2102"]
[BlackElo "2138"]
[PlyCount "69"]
[EventDate "2010.09.24"]
[EventType "tourn"]
[EventRounds "1"]
[EventCountry "POL"]
[SourceDate "2010.10.05"]

1. d4 Nf6 2. Nf3 g6 3. g3 Bg7 4. Bg2 O-O 5. O-O d6 6. c4 Nc6 7. d5 Na5 8. Nfd2
c5 9. Nc3 b6 10. Qc2 Rb8 11. b3 Bd7 12. Bb2 b5 13. cxb5 a6 14. bxa6 Qb6 15.
Rab1 Qxa6 16. Ba1 Ne8 17. e4 Nc7 18. Rfe1 Nb5 19. Nxb5 Bxb5 20. Bxg7 Kxg7 21.
Bf1 Bxf1 22. Nxf1 Rb6 23. Ne3 Ra8 24. Rb2 Rb4 25. Qc3+ f6 26. Nc2 Rb7 27. f4
Qb6 28. Kg2 Rba7 29. e5 dxe5 30. fxe5 fxe5 31. Rxe5 Qf6 32. Ne3 Rf8 33. Rb1
Qf3+ 34. Kh3 Rf6 35. Rf1 1-0

[Event "84th YMCA Autumn A"]
[Site "Warszawa"]
[Date "2010.10.13"]
[Round "3"]
[White "Moskwinski, Tadeusz"]
[Black "Malec, Sebastian"]
[Result "1-0"]
[WhiteElo "2213"]
[BlackElo "2155"]
[Annotator "Admin"]
[PlyCount "76"]
[EventDate "2010.09.24"]
[EventType "tourn"]
[EventRounds "1"]
[EventCountry "POL"]
[SourceDate "2010.10.05"]

1. e4 c5 2. Nf3 d6 3. d4 cxd4 4. Nxd4 Nf6 5. Nc3 a6 6. f3 b5 7. Be3 Bb7 8. Qd2
g6 9. O-O-O Bg7 10. Kb1 Nbd7 11. Nb3 Rc8 12. h4 O-O 13. Bh6 Bh8 14. h5 Nb6 15.
hxg6 fxg6 16. Nd4 Rf7 17. Ne6 Qe8 18. Bd3 Nfd7 19. Ne2 Nc5 20. N2d4 Bxd4 21.
Nxd4 e5 22. Nb3 Nca4 23. Qb4 Qe6 24. c3 Ba8 25. Rhe1 Rc6 26. Bf1 Rd7 27. f4 Nc4
28. Na5 Ncxb2 29. Nxc6 Nxd1 30. Rxd1 Bxc6 31. c4 Bxe4+ 32. Ka1 exf4 33. cxb5
Qe5+ 34. Qd4 Qxd4+ 35. Rxd4 Nc5 36. bxa6 d5 37. Bb5 Ra7 38. Bxf4 Ne6 $138 1-0

[Event "84th YMCA Autumn A"]
[Site "Warszawa"]
[Date "2010.10.08"]
[Round "3"]
[White "Kukawski, Maciej"]
[Black "Liberadzki, Slawomir"]
[Result "1-0"]
[WhiteElo "2314"]
[BlackElo "2083"]
[PlyCount "49"]
[EventDate "2010.09.24"]
[EventType "tourn"]
[EventRounds "1"]
[EventCountry "POL"]
[SourceDate "2010.10.05"]

1. e4 c5 2. c3 Nf6 3. e5 Nd5 4. d4 cxd4 5. Nf3 e6 6. cxd4 d6 7. Bc4 Nc6 8. Qe2
Nb6 9. Bb3 Be7 10. O-O d5 11. Nc3 a6 12. Bc2 Bd7 13. Rd1 Rc8 14. Ne1 Nc4 15.
Qg4 g6 16. Nf3 N6a5 17. Bd3 Na3 18. Ne2 Nc2 19. Bxc2 Rxc2 20. Nc3 Bb4 21. Ne1
Rxc3 22. bxc3 Bxc3 23. Bg5 Qc7 24. Rac1 b5 25. Qf3 1-0

[Event "84th YMCA Autumn A"]
[Site "Warszawa"]
[Date "2010.10.14"]
[Round "4"]
[White "Kasperkiewicz, Pawel"]
[Black "Liberadzki, Slawomir"]
[Result "1-0"]
[WhiteElo "2102"]
[BlackElo "2083"]
[PlyCount "119"]
[EventDate "2010.09.24"]
[EventType "tourn"]
[EventRounds "1"]
[EventCountry "POL"]
[SourceDate "2010.10.05"]

1. e4 c5 2. Nf3 Nc6 3. Bb5 g6 4. O-O Bg7 5. c3 e5 6. Re1 Nge7 7. d4 cxd4 8.
cxd4 Nxd4 9. Nc3 O-O 10. Bg5 f6 11. Bc4+ Kh8 12. Be3 Nxf3+ 13. Qxf3 b6 14. Rad1
Bb7 15. Rd6 Nc8 16. Rd2 Qe7 17. Red1 d6 18. Nd5 Bxd5 19. Bxd5 Rb8 20. Rc2 Rd8
21. Rdc1 Qe8 22. Rc7 Ne7 23. Be6 d5 24. exd5 e4 25. Qxe4 f5 26. Qc4 b5 27. Qc5
Nxd5 28. Bxd5 Qe5 29. Bf3 f4 30. Qxe5 Bxe5 31. Bxa7 Bxc7 32. Rxc7 Rbc8 33. Rxc8
Rxc8 34. Kf1 Kg8 35. Bd4 Rc2 36. a3 Rd2 37. Bc3 Rd8 38. Bc6 Rb8 39. Ke2 Kf7 40.
Kf3 g5 41. h4 gxh4 42. Kxf4 Ke6 43. Kg4 Kd6 44. Bf3 Rg8+ 45. Kxh4 Kc5 46. Kh5
Rg6 47. Be4 Re6 48. Bxh7 Re2 49. g4 Rxf2 50. g5 Rh2+ 51. Kg6 Kd6 52. Bg8 Ke7
53. Bd5 Kf8 54. Bc6 Re2 55. Bxb5 Re6+ 56. Kf5 Rb6 57. a4 Kg8 58. Be5 Kf7 59. b4
Kf8 60. Ke4 1-0

[Event "84th YMCA Autumn A"]
[Site "Warszawa"]
[Date "2010.10.15"]
[Round "4"]
[White "Malec, Sebastian"]
[Black "Kukawski, Maciej"]
[Result "1-0"]
[WhiteElo "2155"]
[BlackElo "2314"]
[PlyCount "55"]
[EventDate "2010.09.24"]
[EventType "tourn"]
[EventRounds "1"]
[EventCountry "POL"]
[SourceDate "2010.10.05"]

1. c4 e6 2. Nf3 d5 3. d4 c6 4. e3 f5 5. Nbd2 Nf6 6. Be2 Bd6 7. b3 O-O 8. a4 Qe7
9. Bb2 Bd7 10. Qc1 Be8 11. Ba3 Bh5 12. a5 a6 13. Bxd6 Qxd6 14. Qa3 Qc7 15. Ng5
Re8 16. Bxh5 Nxh5 17. O-O Nf6 18. b4 Nbd7 19. Rfc1 e5 20. b5 exd4 21. cxd5 dxe3
22. dxc6 exf2+ 23. Kf1 Qe5 24. Qa2+ Nd5 25. Ndf3 Qd6 26. cxd7 Qxd7 27. Rc5 Rad8
28. Rd1 1-0

[Event "84th YMCA Autumn A"]
[Site "Warszawa"]
[Date "2010.10.15"]
[Round "4"]
[White "Sanz Losada, Victoriano"]
[Black "Moskwinski, Tadeusz"]
[Result "1/2-1/2"]
[WhiteElo "2138"]
[BlackElo "2213"]
[PlyCount "66"]
[EventDate "2010.09.24"]
[EventType "tourn"]
[EventRounds "1"]
[EventCountry "POL"]
[SourceDate "2010.10.05"]

1. d4 d5 2. c4 c6 3. Nc3 Nf6 4. Nf3 e6 5. cxd5 exd5 6. Bg5 Bf5 7. e3 Qb6 8. Qb3
Nbd7 9. Bxf6 Nxf6 10. Be2 Bd6 11. O-O O-O 12. Rfc1 Ne4 13. Qxb6 axb6 14. Nxe4
Bxe4 15. Ne1 Ra7 16. Bd3 Rfa8 17. Bxe4 dxe4 18. a3 b5 19. Nc2 b4 20. axb4 Rxa1
21. Rxa1 Rxa1+ 22. Nxa1 Bxb4 23. Kf1 f5 24. Ke2 Kf7 25. Nc2 Bd6 26. g3 Ke6 27.
f4 Kd5 28. b3 c5 29. dxc5 Bxc5 30. Kd2 Bb6 31. Ke2 Ke6 32. h4 Bc5 33. h5 Kd5
1/2-1/2